Most popular baby names in Ghana - Statistics

General Stats
  • This quiz has been taken 9 times
  • The average score is 1 of 12
Answer Stats
Gender Answer % Correct
Girl Angela
57%
Boy Kojo
43%
Boy Abam
14%
Boy Ababio
0%
Boy Aban
0%
Boy Abeiku
0%
Girl Abina
0%
Boy Aboagye
0%
Girl Adzo
0%
Girl Afafa
0%
Girl Afryea
0%
GIrl Afuom
0%
No matching quizzes found
Score Distribution
Percent of People with Each Score
Percentile by Number Answered
Your Score History
You have not taken this quiz